000 00720nam a2200277Ia 4500
005 20260324112624.0
008 008 260324s9999 xx 000 0 eng d
020 _a9781003505013
037 _aEBOOK
040 _aCRL
040 _beng
040 _cCRL
041 _2eng
041 _aeng
084 _qCRL
100 _aNilanjan Ray; Sudin Bag; Tapas Kumar Chatterjee
_91143468
245 0 _aContemporary Digital Transformation and Organizational Effectiveness in Business 4.0
260 _bTaylor and Francis
260 _c2024
365 _a
365 _b305
856 _uhttp://www.taylorfrancis.com/books/9781003505013
942 _cEBOOK
999 _c1732739
_d1732739